| 000 | 00605nam a22001937a 4500 | ||
|---|---|---|---|
| 005 | 20141016144034.0 | ||
| 010 | _aENG-111083 | ||
| 020 |
_a9788120350120 _c375.00 |
||
| 035 | _aEN-94615 | ||
| 037 | _bDBAD/PUB | ||
| 082 | _a005.432 | ||
| 100 | _aRao, M.N. | ||
| 245 |
_aFundamentals of open source software / _cby M.N. Rao |
||
| 260 |
_aDelhi _bPHI Learning _c2015 |
||
| 270 |
_aRimjhim House,111, Patparganj Industrial Estate _bDelhi _e110092 |
||
| 300 |
_axix,295p. : _c24cm(pbk) _bill. |
||
| 500 | _aIncludes bibliographical references and index. | ||
| 942 |
_2ddc _cEN _h005.432 _mRAO |
||
| 999 |
_c89337 _d89337 |
||